000 00590nam a2200253Ia 4500
005 20260320200833.0
008 008 262003s9999 xx 000 0 eng d
020 _a9781630816841
037 _aEBOOK
040 _aCRL
040 _beng
040 _cCRL
041 _2eng
041 _aeng
084 _qCRL
100 _aTaylor
245 2 _aA Hands-On Guide to Designing Embedded Systems
260 _bIEEE
260 _c2021
856 _uhttps://ieeexplore.ieee.org/servlet/opac?bknumber=9679313
942 _cEBOOK
999 _c1717203
_d1717203